Communes limitrophes à Bordeaux - Statistiques

Statistiques générales
  • Ce quiz a été pris 40 fois
    5 depuis la dernière actualisation
  • Le résultat moyen est 9 sur 12
Statistiques - réponses
Population Communes % Correct
31 831 Bègles
100%
26 834 Cenon
100%
25 081 Le Bouscat
100%
78 090 Mérignac
100%
67 339 Pessac
100%
20 020 Bruges
80%
25 769 Lormont
80%
46 338 Talence
80%
24 825 Eysines
60%
18 300 Floirac
60%
17 215 Blanquefort
40%
8 435 Bassens
0%
Aucun quiz correspondant
Distribution des résultats
% des personnes avec chaque résultat
Percentile par nombre de réponses
Votre historique - résultats
Vous n’avez pas pris ce quiz depuis la dernière actualisation